000 00466nam a2200169Ia 4500
999 _c26649
_d26649
003 OSt
005 20201221095304.0
008 190216s9999||||xx |||||||||||||| ||und||
040 _coclc
082 _a894.8121
_bKUM/K
100 _aKumaranasan
_97703
245 0 _aKaruna /
_cKumaranasan
260 _bPrabhatham Printing,
_c1989.
_aTrivandrum:
300 _a67p
650 _aKavithkal
942 _cBK
_2ddc
_h894.8121
_iKUM/K
_k894.8121
_mKUM/K